| 000 | 00928nam a22002177a 4500 | ||
|---|---|---|---|
| 008 | 210903b ||||| |||| 00| 0 eng d | ||
| 020 | _a9062580815. | ||
| 100 | _a Bongenaar, A. C. V. M. | ||
| 245 |
_aThe Neo-Babylonian Ebabbar temple at Sippar : _bits administration and its prosopography / _cA. C. V. M. Bongenaar. |
||
| 260 |
_aLeiden : _bNederlands Instituut vor het Nabije Oosten, _c1997. |
||
| 300 |
_axvi, 559 s., vi tav ; _c26 cm |
||
| 336 | _atext | ||
| 337 | _aunmediated | ||
| 338 | _avolume | ||
| 440 |
_aPIHANS, Uitgaven van het Nederlands Instituut voor het Nabije Oosten te Leiden, 80; Uitgaven van het Nederlands Historisch-Archaeologisch Instituut te Istanbul, _n 80. |
||
| 650 |
_aSippar (Extinct city) -- _vBiography. |
||
| 650 | _aSippar (Extinct city). | ||
| 650 |
_a Ebabbar Temple (Sippar) -- _xAdministration -- _xArchives. |
||
| 651 |
_aIraq -- _xSippar (Extinct city) |
||
| 942 |
_2lcc _cBK |
||
| 999 |
_c50190 _d50190 |
||